CBAP, Certified Business Analysis Professional : (Record no. 30954)

MARC details
000 -LEADER
fixed length control field 01183nam a22003017a 4500
005 - DATE AND TIME OF LATEST TRANSACTION
control field 20091016112842.0
008 - FIXED-LENGTH DATA ELEMENTS--GENERAL INFORMATION
fixed length control field 091016t xxu||||| |||| 00| 0 eng d
010 ## - LCCN (DPL NO)
LC control number ENG-95138
020 ## - INTERNATIONAL STANDARD BOOK NUMBER
International Standard Book Number 9780070677456
Terms of availability 695.00
020 ## - INTERNATIONAL STANDARD BOOK NUMBER
International Standard Book Number 007067745-X
Terms of availability 695.00
035 ## - SYSTEM CONTROL NUMBER
System control number EN-78669
037 ## - SOURCE OF ACQUISITION
Source of stock number/acquisition DBAD/PUB
040 ## - CATALOGING SOURCE
Original cataloging agency DPL
082 ## - DEWEY DECIMAL CLASSIFICATION NUMBER
Classification number 658.0076
100 ## - MAIN ENTRY--PERSONAL NAME
Personal name Phillips, Joseph
245 ## - TITLE STATEMENT
Title CBAP, Certified Business Analysis Professional :
Statement of responsibility, etc by Joseph Phillips
Remainder of title all-in-one exam guide /
246 ## - VARYING FORM OF TITLE
Title proper/short title All-in-one CBAP, Certified Business Analysis Professional exam guide
260 ## - PUBLICATION, DISTRIBUTION, ETC. (IMPRINT)
Place of publication, distribution, etc New Delhi
Name of publisher, distributor, etc Tata McGraw Hill Education
Date of publication, distribution, etc 2009
270 ## - ADDRESS
Address 7, West Petel Nagar
City New Delhi
Postal code 110008
300 ## - PHYSICAL DESCRIPTION
Extent xvii, 486p.
Dimensions 24cm.(Pbk)
Accompanying material 1 CD-ROM (4 3/4 in.)
Other physical details ill.
490 ## - SERIES STATEMENT
Series statement All-in-one
500 ## - GENERAL NOTE
General note Includes index.
650 ## - SUBJECT ADDED ENTRY--TOPICAL TERM
Topical term or geographic name as entry element Business analysts
General subdivision Examinations
Form subdivision Study guides.
650 ## - SUBJECT ADDED ENTRY--TOPICAL TERM
Topical term or geographic name as entry element Business analysts
General subdivision Certification.
700 ## - ADDED ENTRY--PERSONAL NAME
Personal name Sasikala B.
942 ## - ADDED ENTRY ELEMENTS (KOHA)
Source of classification or shelving scheme Dewey Decimal Classification
Item type English Books
Call number suffix PHI
Classification part 658.0076
Holdings
Withdrawn status Lost status Source of classification or shelving scheme Damaged status Not for loan Collection code Home library Current library Date acquired Source of acquisition Cost, normal purchase price Total Checkouts Full call number Barcode Date last seen Copy number Cost, replacement price Koha item type
    Dewey Decimal Classification   Not For Loan Non-fiction D.B.Act.Division D.B.Act.Division 16/10/2009 DBAD / PUB 695.00   658.0076 PHI EN-78671 16/10/2009 1 695.00 English Books

© Delhi Public Library
Hit Counter
free hit counter